000 00367pam a2200145 a 4500
020 _c
041 _h
082 _a616.8`53
_bENG
100 _aJerome Englel .
245 _aEpilepsy A Comprehensive TextBook Vol - 1
_hTextual Documents
250 _a2nd ed. .
260 _bWolters Kluwer /Lippinocott Williams & Wilkins
_c2008
300 _a1115.
930 _a10105
999 _c10098
_d10098